Представление документа в формате RUSMARC

ПолеНазваниеЗначение
  Тип записи a
  Библиографический уровень a
001 Контрольный номер RU/REG73/CBS_GRAD/dbb9e3a757384265a5bdf6392e75849d
005 Дата корректировки 20250820142325.1
100 Данные общей обработки __
a Данные общей обработки 20250820a2015####|||c0rusy0189 ca
101 Язык документа 0_
a Язык текста rus
102 Страна публикации __
a Страна публикации RU
200 Заглавие и сведения об ответственности 1_
a Заглавие К Волге; Размышление по случаю грома; Предложение 49-го псалма; Гимн Богу; Послание к Н.М. Карамзину
f Первые сведения об ответственности И. Дмитриев
461 Уровень набора _0
1 2000
a Симбирскъ
463 Уровень физической единицы _0
1 2000
a № 8
v С.6-7
1 2101
d 2015
1 001RU/REG73/CBS_GRAD/4f74bf9e2d5d4bb5ad6c580f1474d10f
606 Тематические рубрики 0_
a Основная рубрика Стихи (х.л.)
610 Ключевые слова 0_
a Ключевые слова стихи местных поэтов, писатели нашего края
686 Индексы других классификаций __
a Классификационный индекс 84(2 Рос=Рус)1
2 Код системы rubbk
700 Автор _1
a Фамилия Дмитриев
b Имя (инициалы) И.
g Полное личное имя Иван
4 Код отношения 070
801 Источник записи _0
a Страна RU
b Организация RuCBSGrad
c Дата составления 20250820
g Правила каталогизации RCR
801 Источник записи _1
a Страна RU
b Организация RuCBSGrad
c Дата составления 20250820
g Правила каталогизации RCR
852 Данные о местонахождении __
a Наименование организации МБУК ЦБС г. Димитровграда
901 Тип документа __
t Тип документа b
w Контрольный № источника RU/REG73/CBS_GRAD/4f74bf9e2d5d4bb5ad6c580f1474d10f
909 Создатель записи __
a Создатель записи Тенигина
b Дата создания записи 20250820